Statistics for Fifa Team Rankings Top 100

Click here to take the quiz!

General Stats

  • This quiz has been taken 39 times
    (19 since last reset)
  • The average score is 80 of 100

Answer Stats

RankContinentCountry% Correct
5South AmericaArgentina
100%
1EuropeBelgium
100%
2South AmericaBrazil
100%
15EuropeCroatia
100%
9EuropeDenmark
100%
3EuropeFrance
100%
11EuropeGermany
100%
39EuropeHungary
100%
6EuropeItaly
100%
41EuropeNorway
100%
22South AmericaPeru
100%
8EuropePortugal
100%
34Europe/AsiaRussia
100%
18EuropeSweden
100%
13EuropeSwitzerland
100%
17South AmericaUruguay
100%
59South AmericaVenezuela
100%
66EuropeAlbania
93%
32AfricaAlgeria
93%
30EuropeAustria
93%
61EuropeBosnia
93%
24South AmericaChile
93%
16South AmericaColombia
93%
46South AmericaEcuador
93%
45AfricaEgypt
93%
58EuropeFinland
93%
21AsiaIran
93%
75AsiaIraq
93%
47EuropeIreland
93%
26AsiaJapan
93%
14North AmericaMexico
93%
28AfricaMorocco
93%
36AfricaNigeria
93%
43South AmericaParaguay
93%
27EuropePoland
93%
65EuropeSlovenia
93%
33AsiaSouth Korea
93%
7EuropeSpain
93%
84AsiaSyria
93%
37EuropeTurkey
93%
25EuropeUkraine
93%
12North AmericaUSA
93%
91AsiaArmenia
87%
76South AmericaBolivia
87%
71EuropeBulgaria
87%
40North AmericaCanada
87%
74AsiaChina
87%
4EuropeEngland
87%
55EuropeGreece
87%
53AfricaMali
87%
54EuropeNorthern Ireland
87%
77AsiaOman
87%
51AsiaQatar
87%
44EuropeRomania
87%
48AsiaSaudi Arabia
87%
29AfricaTunisia
87%
35AustraliaAustralia
80%
50AfricaCameroon
80%
88AfricaGabon
80%
85Europe/AsiaGeorgia
80%
52AfricaGhana
80%
62EuropeIceland
80%
57North AmericaJamaica
80%
63North AmericaPanama
80%
38EuropeScotland
80%
20AfricaSenegal
80%
68AfricaSouth Africa
80%
98South AmericaTrinidad
80%
19EuropeWales
80%
49South AmericaCosta Rica
73%
31EuropeCzech Republic
73%
92EuropeLuxembourg
73%
72EuropeMontenegro
73%
10EuropeNetherlands
73%
67EuropeNorth Macedonia
73%
42EuropeSlovakia
73%
69North AmericaEl Salvador
67%
80AfricaGuinea
67%
86North AmericaHaiti
67%
56AfricaIvory Coast
67%
100AfricaKenya
67%
23EuropeSerbia
67%
70AsiaUAE
67%
97AsiaVietnam
67%
60AfricaBurkina Faso
60%
78AsiaIsrael
60%
90AsiaJordan
60%
83AsiaUzbekistan
60%
87AfricaZambia
60%
89AsiaBahrain
53%
64AfricaDR Congo
53%
93EuropeBelarus
47%
81AfricaUganda
47%
82AfricaBenin
40%
95AfricaCongo
40%
94AsiaKyrgyzstan
40%
73AfricaCape Verde
27%
99AfricaMadagascar
27%
96AsiaPalestine
20%
79South AmericaCuracao
13%

Score Distribution

Percentile by Number Answered

Percent of People with Each Score

Your Score History

You have not taken this quiz since the last reset